Quiz wiedzy ogólnej #18 - Statystyki

Ogólne statystyki
  • Ten quiz został rozwiązany 446 razy
    270 od ostatniego zresetowania
  • Średni wynik to 12 z 20
Statystyki odpowiedzi
Pytanie Odpowiedź % Poprawnych
Jak na (pierwsze) imię miał Picasso? Pablo
93%
Co symbolizuje kolor czerwony na fladze Polski? Krew oraz waleczność
89%
Jak nazywa się waluta Japonii? Jen
86%
Jakie państwo wyspiarskie leży na południowy-wschód od Indii? Sri Lanka
85%
Luke, kto jest twoim ojcem? Darth Vader
83%
Ile kart jest w talii standardowej grze w pokera? 52
81%
Jakie jedzenie było słynnie dzielone między Lady i zakochanym kundlem? Spaghetti
79%
Jak nazywa się turystyczne miasto, które jest znane jako "Miasto Grzechu”? Las Vegas
72%
Jaki model Volkswagena został nazwany na cześć sportu? Golf | Polo
70%
Jaka rodzina jaszczurek wyróżnia się możliwością zmiany kolorów? Kameleony
67%
Jakie państwo Wielka Brytania zaatakowała w 1982 r.? Argentyna
58%
Jak nazywa się nauka o językach? Lingwistyka
58%
Chang i Eng byli bliźniakami syjamskimi, znanymi w XIX wieku. Z jakiego państwa pochodzili? Tajlandia (Syjam)
52%
Co oznacza hiszpańskie słowo "corazón"? Serce
40%
Jaka aktorka tak na prawdę nazywa się Norma Jeane Mortenson? Marilyn Monroe
37%
W jakim alfabecie występują litery Aref i Gimel? Hebrajski
34%
Co to znaczy IPA w świecie piwa? India Pale Ale
32%
Kto był zastępcą Robina Hooda? Mały John
28%
Jaka postać z Harrego Pottera była gejem, według J.K. Rowling? Albus Dumbledore
27%
Jaka legendarna postać miała romans z królową Ginewrą? {Lancelot} z Jeziora
21%
Nie znaleziono quizów pasujących do podanych kryteriów
Rozkład punktacji
Procent ludzi z każdym wynikiem
Percentyl według liczby udzielonych odpowiedzi
Twoja historia wyników
Nie rozwiązałeś tego quizu od ostatniego zresetowania